000 00684nam a2200217Ia 4500
008 191130s2005##################000#0#eng##
020 _a9780333929346
040 _aACL
_cACL
082 _a307.76 HIG
100 _aHighmore, Ben
245 _aCityscapes : cultural readings in the material and symbolic city
_cBen Highmore
260 _aBasingstoke, Hampshire ; New York
_bPalgrave Macmillan
_c2005
300 _axiv, 178 p. : ill. ; 24 cm
500 _aIncludes index
650 _aCities and towns
650 _aCity and town life
650 _aCity and town life in motion pictures
990 _a8a5d8355ac10000c5fb8372b90b051c3
991 _a199191
999 _c129900
_d129900